000 00525nam a2200169Ia 4500
008 240729s9999 xx 000 0 und d
022 _a2667-2669
245 0 _aCorrosion Communications
260 _aNetherlands
260 _bElsevier
650 _a Electrical engineering. Electronics. Nuclear engineering
650 _a Materials of engineering and construction. Mechanics of materials
650 _aTechnology
856 _uhttps://doaj.org/toc/4d40cd72a6e84fb6afaa490b8ffbc512
942 _2ddc
942 _cDOAJEJ
999 _c71201
_d71201
945 _a1
_bMadushi Gamage
_c1
_dMadushi Gamage